Entry Nombre personal
001 - NÚMERO DE CONTROL
- campo de control: 170956
003 - IDENTIFICADOR DE NÚMERO DE CONTROL
- campo de control: SpMaBN
005 - FECHA Y HORA DE LA ÚLTIMA TRANSACCIÓN
- campo de control: 20250822003926.0
008 - ELEMENTOS DE DATO DE LONGITUD-FIJA
- campo de control de longitud fija: 930302n| aijnnaabn |a aaa
016 ## - NÚMERO DE CONTROL DE UNA AGENCIA BIBLIOGRÁFICA NACIONAL
- Número de control del registro: BNE19930199896
024 7# - IDENTIFICADOR DE OTROS ESTÁNDARES
- Número estándar o código: http://viaf.org/viaf/87988478/
- Fuente: viaf
024 8# - IDENTIFICADOR DE OTROS ESTÁNDARES
- Número estándar o código: https://data.cervantesvirtual.com/person/21808
024 8# - IDENTIFICADOR DE OTROS ESTÁNDARES
- Número estándar o código: https://data.cervantesvirtual.com/person/18568
024 7# - IDENTIFICADOR DE OTROS ESTÁNDARES
- Número estándar o código: https://isni.org/isni/0000000121426252
- Fuente: isni
024 7# - IDENTIFICADOR DE OTROS ESTÁNDARES
- Número estándar o código: http://www.wikidata.org/entity/Q217791
- Fuente: wikidata
040 ## - FUENTE DE CATALOGACIÓN
- Centro catalogador/agencia de origen: SpMaBN
- Lengua de catalogación: spa
- Centro/agencia transcriptor: SpMaBN
- Normas de descripción: rdc
- Convención/Normas de encabezamiento de materia/tesauro: embne
100 0# - ENCABEZAMIENTO-NOMBRE DE PERSONA
- Nombre de persona: Felipe Neri,
- Títulos y otros términos asociados al nombre: Santo
400 0# - TRAZADO DE VÉASE--NOMBRE DE PERSONA
- Nombre de persona: Filippo Neri,
- Títulos y otros términos asociados al nombre: Santo
400 1# - TRAZADO DE VÉASE--NOMBRE DE PERSONA
- Nombre de persona: Neri, Felipe,
- Títulos y otros términos asociados al nombre: Santo
670 ## - FUENTE DE DATOS ENCONTRADOS
- Cita de la fuente: San Felipe Neri : doctrina espiritual, 1994
670 ## - FUENTE DE DATOS ENCONTRADOS
- Cita de la fuente: Enc. de la religión católica
- Información encontrada: (Felipe Neri, San; fundador del Oratorio (1515-1595); n. en Florencia y m. en Roma)
